Skip to main content
Your cart is empty.
Your lists
Log in to create your own lists
Your cookies
العربية
English
العربية
Home
Search
Advanced search
Authority search
About
The noble scholar, jurist, historian
His Excellency Dr. Abdul Wahhab bin Ibrahim Abu Sulaiman, may Allah have mercy on him.
He was born in Umm Al-Qura in the year 1356 AH.
Library catalog
Title
Author
Subject
ISBN
ISSN
Series
Call number
Log in to your account
×
Login:
Password:
Home
MARC view: العوالي عن مالك بن أنس الإمام :
Normal view
MARC view
ISBD view
العوالي عن مالك بن أنس الإمام : (Record no. 12484)
[
view plain
]
MARC details
000 -LEADER
fixed length control field
02415cam a22003851ia4500
003 - CONTROL NUMBER IDENTIFIER
control field
SA-RiAUC
005 - DATE AND TIME OF LATEST TRANSACTION
control field
20251010154511.0
008 - FIXED-LENGTH DATA ELEMENTS--GENERAL INFORMATION
fixed length control field
251010s1997 le g 00010dara c
040 ## - CATALOGING SOURCE
Original cataloging agency
DZ-AlALGU
Language of cataloging
ara
Transcribing agency
SA-RiAUC
Description conventions
rda
082 04 - DEWEY DECIMAL CLASSIFICATION NUMBER
Classification number
236.4
Assigning agency
SA-RiAUC
090 ## - LOCALLY ASSIGNED LC-TYPE CALL NUMBER (OCLC); LOCAL CALL NUMBER (RLIN)
Classification number (OCLC) (R) ; Classification number, CALL (RLIN) (NR)
236.4
Local cutter number (OCLC) ; Book number/undivided call number, CALL (RLIN)
ا م ا
100 1# - MAIN ENTRY--PERSONAL NAME
Personal name
الإمام مالك، مالك بن أنس بن مالك،
Dates associated with a name
93-179 هجري
Relator term
مؤلف.
245 12 - TITLE STATEMENT
Title
العوالي عن مالك بن أنس الإمام :
Remainder of title
روايات هشام بن عمار أبو الوليد-الحاكم أبو أحمد بن محمد بن أحمد-بن زاهر بن طاهر-بو القاسم سليم بن أيوب الرازي-أبو بكر أحمد بن ثابت الخطيب-أبو اليمن الكندي-عمر بن الحاجب /
Statement of responsibility, etc.
تحقيق محمد الحاج الناصر، محمد عوامة، الحسنية مجاطي علمي.
264 #1 - PRODUCTION, PUBLICATION, DISTRIBUTION, MANUFACTURE, AND COPYRIGHT NOTICE
Place of production, publication, distribution, manufacture
بيروت :
Name of producer, publisher, distributor, manufacturer
دار الغرب الإسلامي،
Date of production, publication, distribution, manufacture, or copyright notice
1997.
300 ## - PHYSICAL DESCRIPTION
Extent
4 مجلد ؛
Dimensions
24 سم
336 ## - CONTENT TYPE
Content type term
نص
Content type code
txt
Source
rdacontent
Materials specified
كتاب
337 ## - MEDIA TYPE
Media type term
بدون وسيط
Media type code
n
Source
rdamedia
338 ## - CARRIER TYPE
Carrier type term
مجلد
Carrier type code
nc
Source
rdacarrier
600 07 - SUBJECT ADDED ENTRY--PERSONAL NAME
Personal name
هشام بن عمار بن نصير،
Dates associated with a name
153-245 هجري
Source of heading or term
aucnm
600 07 - SUBJECT ADDED ENTRY--PERSONAL NAME
Personal name
زاهر بن طاهر بن محمد النيسابوري،
Dates associated with a name
توفي 533 هجري
Source of heading or term
aucnm
600 17 - SUBJECT ADDED ENTRY--PERSONAL NAME
Personal name
الحاكم الكبير، محمد بن محمد بن أحمد،
Dates associated with a name
285-378 هجري
Source of heading or term
aucnm
600 17 - SUBJECT ADDED ENTRY--PERSONAL NAME
Personal name
أبو الفتح الرازي، سليم بن أيوب بن سليم،
Dates associated with a name
365-447 هجري
Source of heading or term
aucnm
600 17 - SUBJECT ADDED ENTRY--PERSONAL NAME
Personal name
الخطيب البغدادي، أحمد بن علي بن ثابت،
Dates associated with a name
392-463 هجري
Source of heading or term
aucnm
600 17 - SUBJECT ADDED ENTRY--PERSONAL NAME
Personal name
أبو اليمن الكندي، زيد بن الحسن بن زيد،
Dates associated with a name
520-613 هجري
Source of heading or term
aucnm
600 17 - SUBJECT ADDED ENTRY--PERSONAL NAME
Personal name
ابن الحاجب، عمر بن محمد بن منصور،
Dates associated with a name
593-630 هجري
Source of heading or term
aucnm
650 #7 - SUBJECT ADDED ENTRY--TOPICAL TERM
Topical term or geographic name entry element
طبقات رواة الحديث وحفاظه
Form subdivision
تراجم
Source of heading or term
aucsh
650 #7 - SUBJECT ADDED ENTRY--TOPICAL TERM
Topical term or geographic name entry element
الحديث
General subdivision
مسند ابن مالك
Source of heading or term
aucsh
650 #7 - SUBJECT ADDED ENTRY--TOPICAL TERM
Topical term or geographic name entry element
الحديث
General subdivision
رواية
Source of heading or term
aucsh
700 1# - ADDED ENTRY--PERSONAL NAME
Personal name
الناصر، محمد الحاج
Relator term
محقق.
700 1# - ADDED ENTRY--PERSONAL NAME
Personal name
عوامة، محمد،
Dates associated with a name
1940-
Relator term
محقق.
700 1# - ADDED ENTRY--PERSONAL NAME
Personal name
علمي، الحسنية مجاطي
Relator term
محقق.
700 12 - ADDED ENTRY--PERSONAL NAME
Relationship information
تحقيق لـ :
Personal name
الإمام مالك، مالك بن أنس بن مالك،
Dates associated with a name
93-179 هجري.
Title of a work
العوالي
942 ## - ADDED ENTRY ELEMENTS (KOHA)
Source of classification or shelving scheme
Dewey Decimal Classification
Koha item type
Books
949 ## - LOCAL PROCESSING INFORMATION (OCLC)
a
SA-JeALM
d
251010
u
khaled123
n
1
Holdings
Withdrawn status
Lost status
Source of classification or shelving scheme
Materials specified (bound volume or other part)
Damaged status
Not for loan
Home library
Current library
Date acquired
Total checkouts
Full call number
Barcode
Date last seen
Price effective from
Koha item type
Dewey Decimal Classification
الجزء الأول
DR AbdElwahab Library
DR AbdElwahab Library
10/10/2025
236.4 ا م ا
000019897
10/10/2025
10/10/2025
Books
Dewey Decimal Classification
الجزء الثاني
DR AbdElwahab Library
DR AbdElwahab Library
10/10/2025
236.4 ا م ا
000019898
10/10/2025
10/10/2025
Books
Dewey Decimal Classification
الجزء الثالث
DR AbdElwahab Library
DR AbdElwahab Library
10/10/2025
236.4 ا م ا
000019899
10/10/2025
10/10/2025
Books
Dewey Decimal Classification
الجزء الرابع
DR AbdElwahab Library
DR AbdElwahab Library
10/10/2025
236.4 ا م ا
000019900
10/10/2025
10/10/2025
Books
Place hold
Print
Add to your cart
(remove)
Save record
BIBTEX
Dublin Core
MARCXML
MARC (non-Unicode/MARC-8)
MARC (Unicode/UTF-8)
MARC (Unicode/UTF-8, Standard)
MODS (XML)
RIS
ISBD
More searches
Search for this title in:
Other Libraries (WorldCat)
Other Databases (Google Scholar)
Online Stores (Bookfinder.com)
Open Library (openlibrary.org)
Exporting to Dublin Core...
×
Simple DC-RDF
OAI-DC
SRW-DC